<?xml version="1.0" encoding="UTF-8"?><?xml-stylesheet type="text/xsl" href="static/style.xsl"?><OAI-PMH xmlns="http://www.openarchives.org/OAI/2.0/" xmlns:xsi="http://www.w3.org/2001/XMLSchema-instance" xsi:schemaLocation="http://www.openarchives.org/OAI/2.0/ http://www.openarchives.org/OAI/2.0/OAI-PMH.xsd"><responseDate>2026-06-29T01:34:10Z</responseDate><request verb="GetRecord" identifier="oai:docta.ucm.es:20.500.14352/102266" metadataPrefix="marc">https://docta.ucm.es/rest/oai/request</request><GetRecord><record><header><identifier>oai:docta.ucm.es:20.500.14352/102266</identifier><datestamp>2025-03-18T12:02:57Z</datestamp><setSpec>com_20.500.14352_14</setSpec><setSpec>col_20.500.14352_15</setSpec></header><metadata><record xmlns="http://www.loc.gov/MARC21/slim" xmlns:dcterms="http://purl.org/dc/terms/" xmlns:xsi="http://www.w3.org/2001/XMLSchema-instance" xmlns:doc="http://www.lyncode.com/xoai" xsi:schemaLocation="http://www.loc.gov/MARC21/slim http://www.loc.gov/standards/marcxml/schema/MARC21slim.xsd">
   <leader>00925njm 22002777a 4500</leader>
   <datafield ind2=" " ind1=" " tag="042">
      <subfield code="a">dc</subfield>
   </datafield>
   <datafield ind2=" " ind1=" " tag="720">
      <subfield code="a">Molina García, Álvaro</subfield>
      <subfield code="e">author</subfield>
   </datafield>
   <datafield ind2=" " ind1=" " tag="260">
      <subfield code="c">2023</subfield>
   </datafield>
   <datafield ind2=" " ind1=" " tag="520">
      <subfield code="a">ABSTRACT: The near-merger hypothesis has served to explain many situations where other explanations have not sufficed, including mainly those where apparently completed mergers have been reversed. However, the situation in the city of Malaga (Spain) calls for a critical review of the main pitfalls of this hypothesis and for a sociolinguistic reorganisation of sound change to allow for near-demergers. The present work focusses on the reversal of the coronal fricative /θ/ and /s/ merger (CASA ‘house’ = CAZA ‘hunting’) that has been widely observed in Malaga. Acoustic-perceptual analysis of the realisations of 54 speakers reveals that a completed phonological merger can, in fact, revert and that acoustic cues do not necessarily indicate a near-merger.</subfield>
   </datafield>
   <datafield ind1="8" ind2=" " tag="024">
      <subfield code="a">2300-9969</subfield>
   </datafield>
   <datafield ind1="8" ind2=" " tag="024">
      <subfield code="a">10.1515/opli-2022-0249</subfield>
   </datafield>
   <datafield ind1="8" ind2=" " tag="024">
      <subfield code="a">https://hdl.handle.net/20.500.14352/102266</subfield>
   </datafield>
   <datafield ind1="8" ind2=" " tag="024">
      <subfield code="a">https://www.degruyter.com/document/doi/10.1515/opli-2022-0249/html</subfield>
   </datafield>
   <datafield ind1="8" ind2=" " tag="024">
      <subfield code="a">https://www.degruyter.com/journal/key/opli/html</subfield>
   </datafield>
   <datafield ind1="8" ind2=" " tag="024">
      <subfield code="a">https://www.degruyter.com/</subfield>
   </datafield>
   <datafield ind1="8" ind2=" " tag="024">
      <subfield code="a">https://doi.org/10.1515/opli-2022-0249</subfield>
   </datafield>
   <datafield ind2="0" ind1="0" tag="245">
      <subfield code="a">The pitfalls of near-mergers: a sociophonetic approach to near-demergers in the Malaga /θ/ vs /s/ split</subfield>
   </datafield>
</record></metadata></record></GetRecord></OAI-PMH>